Escribir infantil y juvenil : manual de escritura de literatura infantil y juvenil /
Colección de libros teóricos de escritura para aprender el arte de la narración. Se compone por los títulos: Ecribir infantil y juvenil, Escribir cuento, Escribir novela y Escribir fantástico.
Gardado en:
| Autor Principal: | |
|---|---|
| Outros autores: | |
| Formato: | Libro |
| Idioma: | Lingua castelá |
| Publicado: |
Madrid, España :
Páginas de Espuma,
2022, c2022
|
| Series: | (Escuela de Escritores)
|
| Temas: | |
| Etiquetas: |
Sen Etiquetas, Sexa o primeiro en etiquetar este rexistro!
|
MARC
| LEADER | 00000nam^a2200000^a^4500 | ||
|---|---|---|---|
| 001 | 000578188 | ||
| 005 | 20250521000000.0 | ||
| 009 | 20260310132504.151 | ||
| 020 | |a 978-84-8393-323-7 | ||
| 037 | |a Acervo ITESO - Biblioteca | ||
| 041 | |a ESP | ||
| 082 | |a 809. 001 |b ESC V. 1 | ||
| 100 | |a Fabregat, Chiki |e (autor) | ||
| 240 | 1 | 1 | |a [Escribir : Manual] |
| 245 | 1 | 0 | |a Escribir infantil y juvenil : |b manual de escritura de literatura infantil y juvenil / |c C. Fabregat. |
| 264 | 4 | |a Madrid, España : |b Páginas de Espuma, |c 2022, c2022 | |
| 300 | |a 469 p. | ||
| 336 | |a texto |b txt |2 rdacontenido | ||
| 337 | |a sin mediación |b n |2 rdamedio | ||
| 338 | |a volumen |b nc |2 rdasoporte | ||
| 440 | 1 | |a (Escuela de Escritores) | |
| 520 | |a Colección de libros teóricos de escritura para aprender el arte de la narración. Se compone por los títulos: Ecribir infantil y juvenil, Escribir cuento, Escribir novela y Escribir fantástico. | ||
| 520 | |a Bajo la premisa de que la literatura infantil y juvenil requiere el mismo esmero y atención con que se dirige a la literatura para audiencia adulta, se propone una guía con los principios básicos para escribir. Se dan recomendaciones sobre cómo establecer personajes, acciones, estructura, tensión, humor o sentido de aventura y fantasía en tales historias. | ||
| 521 | |a FIL 2023 DIA | ||
| 649 | |a XX | ||
| 650 | |a Creatividad | ||
| 650 | |a Creación (Literaria, Artística, etc.) | ||
| 650 | |a Literatura Fantástica - |x Historia y Crítica | ||
| 650 | |a Literatura Fantástica - |x Teoría | ||
| 650 | |a Literatura Juvenil - |x Historia y Crítica - |x Tema Principal | ||
| 650 | |a Literatura Juvenil - |x Teoría | ||
| 650 | |a Literatura Infantil - |x Historia y Crítica - |x Tema Principal | ||
| 650 | |a Literatura Infantil - |x Teoría | ||
| 650 | |a Literatura - |x Historia y Crítica | ||
| 650 | |a Literatura - |x Teoría | ||
| 650 | |a Redacción | ||
| 650 | |a Preceptiva Literaria - |x Tema Principal | ||
| 700 | |a Rodríguez, Mónica |e (prólogo) | ||
| 910 | |a Fondo General | ||
| 920 | |a Impresos - Libros | ||
| 930 | |a Colección General | ||
| 940 | |a Literatura | ||
| 905 | |a 101 | ||
| 901 | |a 0500405792 |b IT1 |c LIT |i C184894 |u 20250521 | ||
| 901 | |a 578982-20 |b IT1 |c LIT |i C187908 |u 20250521 | ||
| 901 | |a 578982-30 |b IT1 |c LIT |i C187907 |u 20250521 | ||
| 902 | |a https://opac.biblio.iteso.mx/vufind/Record/000578188 | ||